000
00336nam a2200133Ia 4500
008
100328s9999 xx 000 0 und d
082
_b
44707
100
_a
भावे पु.भा.
245
_a
घायाळ
260
_b
पु.भा.भावे
630
_a
घायाळ
730
_a
घायाळ
942
_c
BOOK
999
_c
532967
_d
532964